Cinemanía. Ensayos sobre cine

Uloženo v:
Podrobná bibliografie
Hlavní autor: Almendros, Néstor (Autor)
Médium: Kniha
Jazyk:španělština
Vydáno: Barcelona Seix Barral 1992
Vydání:1a. ed
Témata:
Tagy: Přidat tag
Žádné tagy, Buďte první, kdo vytvoří štítek k tomuto záznamu!

MARC

LEADER 00000cam a2200000 a 4500
001 UCC7800
003 CL-VaPUC
008 190505e19920000sp |||||||||||||||||spa|d
020 |a 8432246786 
082 0 4 |a 791.4309  |b ALM  |2 21 
100 0 |a Almendros, Néstor  |e author  |9 602487 
245 1 0 |a Cinemanía. Ensayos sobre cine 
250 |a 1a. ed 
300 |a 374 p 
942 |c BK 
945 |d 20190505 21:05:00  |a dcastane 
260 |a Barcelona  |b Seix Barral  |c 1992 
650 0 |a Historia del cine  |9 265166 
650 7 |a ENSAYOS LITERARIOS  |2 CL-VaPUC  |9 346201 
583 |a last modification  |c 20190505 21:05:00  |k Rodrigo Vera 
999 |c 374349  |d 374347 
952 |0 0  |1 0  |3 erb  |4 0  |6 791_430900000000000_ALM_1992  |7 0  |8 A  |9 492853  |a BIBART  |b BIBART  |i 5545641  |o 791.4309 ALM 1992  |p 5545641  |r 2025-03-13  |w 2019-11-24  |y BK  |z Catalogado en:20190505  |k ART